<?xml version="1.0" encoding="UTF-8"?><?xml-stylesheet type="text/xsl" href="static/style.xsl"?><OAI-PMH xmlns="http://www.openarchives.org/OAI/2.0/" xmlns:xsi="http://www.w3.org/2001/XMLSchema-instance" xsi:schemaLocation="http://www.openarchives.org/OAI/2.0/ http://www.openarchives.org/OAI/2.0/OAI-PMH.xsd"><responseDate>2026-04-14T15:38:35Z</responseDate><request verb="GetRecord" identifier="oai:uvadoc.uva.es:10324/51131" metadataPrefix="marc">https://uvadoc.uva.es/oai/request</request><GetRecord><record><header><identifier>oai:uvadoc.uva.es:10324/51131</identifier><datestamp>2021-12-21T21:58:43Z</datestamp><setSpec>com_10324_38</setSpec><setSpec>col_10324_852</setSpec></header><metadata><record xmlns="http://www.loc.gov/MARC21/slim" xmlns:doc="http://www.lyncode.com/xoai" xmlns:xsi="http://www.w3.org/2001/XMLSchema-instance" xmlns:dcterms="http://purl.org/dc/terms/" xsi:schemaLocation="http://www.loc.gov/MARC21/slim http://www.loc.gov/standards/marcxml/schema/MARC21slim.xsd">
<leader>00925njm 22002777a 4500</leader>
<datafield tag="042" ind1=" " ind2=" ">
<subfield code="a">dc</subfield>
</datafield>
<datafield tag="720" ind1=" " ind2=" ">
<subfield code="a">Fernández Mallo, Alba</subfield>
<subfield code="e">author</subfield>
</datafield>
<datafield tag="260" ind1=" " ind2=" ">
<subfield code="c">2021</subfield>
</datafield>
<datafield tag="520" ind1=" " ind2=" ">
<subfield code="a">Este trabajo de Fin de Grado tiene como objetivo conocer los procesos migratorios actuales,&#xd;
centrándose en el colectivo de las personas en situación de refugio. Para ello se hace un estudio&#xd;
tanto del Sistema de acogida de protección internacional como de las situaciones surgidas en las&#xd;
dos rutas con mayor afluencia para alcanzar España: la ruta mediterránea y la ruta atlántica.&#xd;
Asimismo, se realiza una investigación sobre la percepción que tiene la población española con&#xd;
respecto a las personas migrantes, poniendo una mayor atención en las opiniones creadas hacia&#xd;
las personas refugiadas. Por otro lado, se da voz a las personas en situación de refugio para dar a&#xd;
conocer una realidad desconocida para muchos. Por último, se hace referencia al trabajo realizado&#xd;
por los y las educadores y educadoras sociales entorno a este colectivo.&#xd;
A través de esta investigación se puede conocer la realidad social existente en España, así como&#xd;
las creencias que se tienen hacia las personas inmigrantes y refugiadas.</subfield>
</datafield>
<datafield tag="024" ind2=" " ind1="8">
<subfield code="a">https://uvadoc.uva.es/handle/10324/51131</subfield>
</datafield>
<datafield tag="245" ind1="0" ind2="0">
<subfield code="a">Los procesos migratorios actuales y la situación de las personas refugiadas desde una perspectiva de la Educación Social</subfield>
</datafield>
</record></metadata></record></GetRecord></OAI-PMH>